Sports Quiz

Random Sports or MLB Quiz

Find the MLB Teams Quiz Stats

Quiz Updated Jun 17, 2016

Also try: Find the NFL Teams
Challenge
Share
Tweet
Score 0/30 Timer 04:00
30 Plays Today
% Correct
Rockies
89.5%
Blue Jays
89.5%
Diamondbacks
88.9%
Braves
88.7%
Mariners
88.4%
Red Sox
87.6%
Rays
87.2%
Twins
87%
Marlins
86.2%
Yankees
85.2%
Pirates
84.9%
Phillies
84.5%
Royals
84.4%
Reds
83.9%
Tigers
83.6%
% Correct
Indians
83.4%
Rangers
83.3%
Cardinals
82.6%
Astros
82.5%
Brewers
81.8%
White Sox
81.5%
Padres
81.4%
Cubs
81.4%
Orioles
81.2%
Mets
80.6%
Nationals
80.5%
Dodgers
77.3%
Angels
77.2%
Giants
75.7%
Athletics
75.5%

You're not logged in!

Compare scores with friends on all Sporcle quizzes.
Sign Up with Email
OR
Log In

You Might Also Like...

Show Comments

Extras

Top Quizzes Today


Score Distribution

Your Account Isn't Verified!

In order to create a playlist on Sporcle, you need to verify the email address you used during registration. Go to your Sporcle Settings to finish the process.